Normal view
MARC view
- Nigeria
Entry Geographic Name
001 - CONTROL NUMBER
- control field: 6001
003 - CONTROL NUMBER IDENTIFIER
- control field: OSt
005 - DATE AND TIME OF LATEST TRANSACTION
- control field: 20201028134154.0
008 - FIXED-LENGTH DATA ELEMENTS
- fixed length control field: 201028|| aca||aabn | a|a d
040 ## - CATALOGING SOURCE
- Original cataloging agency: OSt
- Transcribing agency: OSt
151 ## - HEADING--GEOGRAPHIC NAME
- Geographic name: Nigeria
670 ## - SOURCE DATA FOUND
- Source citation: Work cat.: (OSt)0: Achebe, Chinua. 5902, A Man of the People /, c1966.